Iceberg des Traumas de Feldup - Statistiques

Statistiques générales
  • Ce quiz a été pris 17 fois
  • Le résultat moyen est 55 sur 128
Statistiques - réponses
Par images Réponse % Correct
Happy Tree Friends
92%
Mort de la mère de Bambi
92%
Ça (1990)
85%
SCP
85%
Dead Bart
77%
Five Nights at Freddy's
77%
Ouija
77%
Slenderman
77%
Anges pleureurs - Doctor Who
69%
Charlie et la Chocolaterie
69%
Coraline
69%
Diffusion d'évènements graves
69%
La dame blanche
69%
Le cauchemar de Pingu
69%
Let's players horreur
69%
Mobs de Minecraft
69%
Ovnis et extraterrestres
69%
Scary Maze Game
69%
Sonic.exe
69%
Thriller - Michael Jackson
69%
Ben Drowned
62%
Glitch d'Animal Crossing
62%
Harry Potter 3
62%
Herobrine
62%
Illusions d'optique
62%
Super Mario 64
62%
Syndrome de Lavanville
62%
This Man
62%
Blank Room Soup
54%
bonnenuit.mid
54%
Courage le Chien Froussard
54%
Dining Room, or There is Nothing
54%
Émissions paranormales
54%
Fallen Angel in Catalonia
54%
FNAF théories
54%
Hallowinx - Winx Club
54%
Jeff the Killer
54%
La poupée Robert
54%
Laughing Jack
54%
Lion des Teletubbies
54%
Little Baby's Ice Cream
54%
Salad Fingers
54%
SMILE! - My Little Pony
54%
Who Wants to Gnaw on Human Bones
54%
Zone 51
54%
Angela Anaconda
46%
Bloody Mary
46%
Fantôme de Michael Jackson à Neverland
46%
I Feel Fantastic
46%
JDG hors-série: Téléchat
46%
La mort de Gigi
46%
Le Mystère des Internet
46%
Le Rake
46%
MissingNo.
46%
Obey the Walrus
46%
Paranormal Activity
46%
Racist Mario
46%
Scary car screamer
46%
Scénarios de fin du monde
46%
smile.jpg
46%
Squidward's Suicide
46%
Suicide Mouse
46%
Uboa - Yume Nikki
46%
Abandoned by Disney
38%
AYUWOKI
38%
Blue w▓▓▓ challenge
38%
Candle Cove
38%
Deep Youtube
38%
Disques mystérieux de Minecraft
38%
Elsagate
38%
Grand Theft Auto: San Andreas
38%
La chaise qui bouge
38%
L'exorcisme d'Anneliese Michel
38%
L'expérience russe du sommeil
38%
Luna games
38%
Marble Hornets
38%
Michael Jackson est vivant
38%
P*********ie et fétichisme sur Youtube
38%
Tortues ninja n▓▓▓▓▓es
38%
Tu veux être mon ami? - presdesruines
38%
Vidéos de statues qui bougent
38%
Yelling Creature
38%
Ao Oni
31%
Burger & Fries the Cat / Very Angry Cat
31%
Cooking Idol
31%
Corrida - Chapi Chapo
31%
Designs creepy (marionettes, stop motion...)
31%
Don't Hug Me I'm Scared
31%
Dora la matadora
31%
Elisa Lam
31%
Hand thing - Shaye Saint John
31%
Le mur qui parle
31%
Les Trois Brigands
31%
Sad Satan
31%
SCP-087 et SCP-087 B
31%
Suicide Mario (Game Over)
31%
The Adventures of Mark Twain
31%
1 ▓▓▓▓ 1 ▓▓▓▓
23%
1999
23%
Absoluflash
23%
Agamemnon Counterpart
23%
Beautiful Organs
23%
Dolphin Muzzle
23%
Green Man Tunnel
23%
GUSS DX
23%
Le cochon danseur
23%
Reverse Speech Theory
23%
SCP: Containment Breach
23%
Slendytubbies
23%
The Grudge
23%
Tongue in Cheek - Happy Tree Friends
23%
Username: 666
23%
1▓▓
15%
11B X 1371
15%
Doll Face
15%
Dye - Fantasy
15%
La communauté Sonic
15%
Les Frères Grimm
15%
Pencil Face
15%
Rotten et sites de gore
15%
Rubber Johnny
15%
Simpsons clay animation
15%
The Anguished Man
15%
Kphoria
8%
Meatsleep
8%
M is Bad!
8%
Pokémon Lost Silver
8%
R▓▓ ▓▓ ▓▓▓▓▓
0%
Aucun quiz correspondant
Distribution des résultats
% des personnes avec chaque résultat
Percentile par nombre de réponses
Votre historique - résultats
Vous n’avez pas pris ce quiz